Skip to main content
Your cart is empty.
Your lists
Log in to create your own lists
Your cookies
العربية
English
العربية
Home
Search
Advanced search
Authority search
About
The noble scholar, jurist, historian
His Excellency Dr. Abdul Wahhab bin Ibrahim Abu Sulaiman, may Allah have mercy on him.
He was born in Umm Al-Qura in the year 1356 AH.
Library catalog
Title
Author
Subject
ISBN
ISSN
Series
Call number
Log in to your account
×
Login:
Password:
Home
MARC view: مرشد الحجاج إلى الأماكن المقدسة /
Normal view
MARC view
ISBD view
مرشد الحجاج إلى الأماكن المقدسة / (Record no. 14024)
[
view plain
]
MARC details
000 -LEADER
fixed length control field
01474cam a2200337 i 4500
003 - CONTROL NUMBER IDENTIFIER
control field
SA-RiAUC
005 - DATE AND TIME OF LATEST TRANSACTION
control field
20260113130402.0
008 - FIXED-LENGTH DATA ELEMENTS--GENERAL INFORMATION
fixed length control field
260105s1923 ua b g 00000dara c
024 0# - OTHER STANDARD IDENTIFIER
Standard number or code
36301000050360
040 ## - CATALOGING SOURCE
Original cataloging agency
SA-RiAUC
Language of cataloging
ara
Transcribing agency
SA-RiAUC
Modifying agency
SA-RiMOC
Description conventions
rda
043 ## - GEOGRAPHIC AREA CODE
Geographic area code
a-su---
--
awgz---
082 04 - DEWEY DECIMAL CLASSIFICATION NUMBER
Classification number
252.5
Assigning agency
SA-RiAUC
090 ## - LOCALLY ASSIGNED LC-TYPE CALL NUMBER (OCLC); LOCAL CALL NUMBER (RLIN)
Classification number (OCLC) (R) ; Classification number, CALL (RLIN) (NR)
م ن 252.5
Local cutter number (OCLC) ; Book number/undivided call number, CALL (RLIN)
غ ا ل
100 1# - MAIN ENTRY--PERSONAL NAME
Personal name
غالي، محمد حسن
Relator term
مؤلف.
245 10 - TITLE STATEMENT
Title
مرشد الحجاج إلى الأماكن المقدسة /
Statement of responsibility, etc.
محمد حسن غالي.
264 #1 - PRODUCTION, PUBLICATION, DISTRIBUTION, MANUFACTURE, AND COPYRIGHT NOTICE
Place of production, publication, distribution, manufacture
[مكان النشر غير محدد] :
Name of producer, publisher, distributor, manufacturer
[الناشر غير محدد]،
Date of production, publication, distribution, manufacture, or copyright notice
1923
264 #3 - PRODUCTION, PUBLICATION, DISTRIBUTION, MANUFACTURE, AND COPYRIGHT NOTICE
Place of production, publication, distribution, manufacture
القاهرة :
Name of producer, publisher, distributor, manufacturer
المطبعة الرحمانية
300 ## - PHYSICAL DESCRIPTION
Extent
200 صفحة :
Other physical details
خرائط ؛
Dimensions
16 × 13 سم
336 ## - CONTENT TYPE
Content type term
نص
Content type code
txt
Source
rdacontent
Materials specified
كتاب
337 ## - MEDIA TYPE
Media type term
بدون وسيط
Media type code
n
Source
rdamedia
338 ## - CARRIER TYPE
Carrier type term
مجلد
Carrier type code
nc
Source
rdacarrier
500 ## - GENERAL NOTE
General note
ملخص رحلتيه إلى المدينة وبيت المقدس سنة 330 هـ وإلى مكة سنة 340 هـ.
600 17 - SUBJECT ADDED ENTRY--PERSONAL NAME
Personal name
غالي، محمد حسن
General subdivision
رحلات
Source of heading or term
aucnm
650 #7 - SUBJECT ADDED ENTRY--TOPICAL TERM
Topical term or geographic name entry element
الأماكن المقدسة
General subdivision
فضائل
Source of heading or term
aucsh
650 #7 - SUBJECT ADDED ENTRY--TOPICAL TERM
Topical term or geographic name entry element
الحج (فقه إسلامي)
General subdivision
مناسك
Source of heading or term
aucsh
651 #7 - SUBJECT ADDED ENTRY--GEOGRAPHIC NAME
Geographic name
القدس
General subdivision
وصف ورحلات
Source of heading or term
aucsh
651 #7 - SUBJECT ADDED ENTRY--GEOGRAPHIC NAME
Geographic name
مكة المكرمة
General subdivision
وصف ورحلات
Source of heading or term
aucsh
651 #7 - SUBJECT ADDED ENTRY--GEOGRAPHIC NAME
Geographic name
المدينة المنورة
General subdivision
وصف ورحلات
Source of heading or term
aucsh
942 ## - ADDED ENTRY ELEMENTS (KOHA)
Source of classification or shelving scheme
Dewey Decimal Classification
Koha item type
كتاب مصور نادر
Suppress in OPAC
No
949 ## - LOCAL PROCESSING INFORMATION (OCLC)
a
SA-JeALM
d
260105
u
mohamedma123
n
1
Holdings
Withdrawn status
Lost status
Source of classification or shelving scheme
Damaged status
Not for loan
Home library
Current library
Date acquired
Total checkouts
Full call number
Barcode
Date last seen
Price effective from
Koha item type
Dewey Decimal Classification
DR AbdElwahab Library
DR AbdElwahab Library
01/13/2026
م ن 252.5 غ ا ل
000022442
01/13/2026
01/13/2026
كتاب مصور نادر
Place hold
Print
Add to your cart
(remove)
Save record
BIBTEX
Dublin Core
MARCXML
MARC (non-Unicode/MARC-8)
MARC (Unicode/UTF-8)
MARC (Unicode/UTF-8, Standard)
MODS (XML)
RIS
ISBD
More searches
Search for this title in:
Other Libraries (WorldCat)
Other Databases (Google Scholar)
Online Stores (Bookfinder.com)
Open Library (openlibrary.org)
Exporting to Dublin Core...
×
Simple DC-RDF
OAI-DC
SRW-DC